[Event "Budapest-chT1 Lilienthal 1718"]
[Site "Budapest"]
[Date "2018.03.18"]
[Round "12"]
[White "Gara, Gyorgy"]
[Black "Vecsernyes, Norbert"]
[Result "1-0"]
[WhiteElo "2057"]
[BlackElo "1884"]
[PlyCount "55"]
[EventDate "2017.10.01"]
[EventType "team-tourn"]
[EventRounds "13"]
[EventCountry "HUN"]
[SourceTitle "EXT 2021"]
[Source "ChessBase"]
[SourceDate "2020.10.23"]
[SourceVersion "1"]
[SourceVersionDate "2020.10.23"]
[SourceQuality "1"]
[WhiteTeam "Siraly"]
[BlackTeam "Csepel"]
[WhiteTeamCountry "HUN"]
[BlackTeamCountry "HUN"]

1. d4 d5 2. Bf4 c6 3. Nd2 Qb6 4. Nb3 a5 5. a4 Bf5 6. e3 e6 7. Nf3 Be7 8. Ne5 h5 9. h3 Nf6 10. Be2 Nbd7 11. 0-0 Nxe5 12. Bxe5 h4 13. Bd3 Nd7 14. Bh2 Bxd3 15. Qxd3 f5 16. c4 Kf7 17. Nd2 g5 18. c5 Qa6 19. Qc2 Rag8 20. f3 Ke8 21. Kh1 g4 22. fxg4 fxg4 23. Rae1 e5 24. e4 exd4 25. exd5 Kd8 26. Rf7 Bg5 27. Qf5 Nxc5 28. Bc7# 1-0

[Event "Budapest-chT1 Lilienthal 1314"]
[Site "Budapest"]
[Date "2014.02.23"]
[Round "8"]
[White "Vecsernyes, Norbert"]
[Black "Katona, Jozsef3333"]
[Result "0-1"]
[WhiteElo "1928"]
[BlackElo "1952"]
[PlyCount "40"]
[EventDate "2013.09.29"]
[EventType "team-tourn"]
[EventRounds "11"]
[EventCountry "HUN"]
[SourceTitle "EXT 2021"]
[Source "ChessBase"]
[SourceDate "2020.10.23"]
[SourceVersion "1"]
[SourceVersionDate "2020.10.23"]
[SourceQuality "1"]
[WhiteTeam "Csepel"]
[BlackTeam "Budapest Vasas II"]
[WhiteTeamCountry "HUN"]
[BlackTeamCountry "HUN"]

1. d4 g6 2. c4 Bg7 3. Nc3 d6 4. e4 Nd7 5. Nge2 c6 6. Ng3 Qb6 7. Be3 Ngf6 8. a3 Qc7 9. Be2 0-0 10. h4 h6 11. h5 g5 12. f4 gxf4 13. Bxf4 e5 14. dxe5 Nxe5 15. Qd2 Bg4 16. Bxg4 Nfxg4 17. b3 d5 18. cxd5 Nd3+ 19. Qxd3 Qxf4 20. Ra2 Ne5 0-1

[Event "Budapest-chT1 Lilienthal 1314"]
[Site "Budapest"]
[Date "2013.09.29"]
[Round "1"]
[White "Kollner, Odon"]
[Black "Vecsernyes, Norbert"]
[Result "1-0"]
[WhiteElo "2091"]
[BlackElo "1928"]
[PlyCount "77"]
[EventDate "2013.09.29"]
[EventType "team-tourn"]
[EventRounds "11"]
[EventCountry "HUN"]
[SourceTitle "EXT 2021"]
[Source "ChessBase"]
[SourceDate "2020.10.23"]
[SourceVersion "1"]
[SourceVersionDate "2020.10.23"]
[SourceQuality "1"]
[WhiteTeam "Sarkany II"]
[BlackTeam "Csepel"]
[WhiteTeamCountry "HUN"]
[BlackTeamCountry "HUN"]

1. e4 e6 2. d4 d5 3. Nc3 Nf6 4. e5 Nfd7 5. f4 c5 6. Nf3 Nc6 7. Be3 Qb6 8. Na4 Qa5+ 9. c3 c4 10. b4 cxb3 11. axb3 b5 12. Nc5 Qb6 13. b4 a5 14. Bd3 a4 15. Qe2 Na7 16. 0-0 g6 17. Ng5 h6 18. Nh3 Bb7 19. Qc2 0-0-0 20. Ra2 Bc6 21. Nf2 Kb8 22. Bxg6 fxg6 23. Nxe6 Re8 24. Qxg6 Be7 25. Nd3 Nf8 26. Nxf8 Rexf8 27. f5 Qc7 28. f6 Rfg8 29. Qh5 Be8 30. f7 Bxf7 31. Qxf7 Rf8 32. Qxd5 Rxf1+ 33. Kxf1 Qxc3 34. Ke2 Rd8 35. Qe6 Bxb4 36. Nxb4 Qxb4 37. Qb6+ Kc8 38. Rc2+ Kd7 39. Rc7+ 1-0

[Event "Budapest FS02 FM-A1"]
[Site "Budapest"]
[Date "2012.02.07"]
[Round "4"]
[White "Vecsernyes, Norbert"]
[Black "Csomor, Viktor"]
[Result "1/2-1/2"]
[WhiteElo "1892"]
[BlackElo "2090"]
[PlyCount "58"]
[EventDate "2012.02.04"]
[EventType "tourn"]
[EventRounds "9"]
[EventCountry "HUN"]
[SourceTitle "CBM 146 Extra"]
[Source "ChessBase"]
[SourceDate "2012.02.29"]
[SourceVersion "1"]
[SourceVersionDate "2012.02.29"]
[SourceQuality "1"]

1. d4 d5 2. c4 e6 3. Nc3 Nf6 4. Bg5 c6 5. e3 h6 6. Bxf6 Qxf6 7. Nf3 Bd6 8. Bd3 0-0 9. 0-0 dxc4 10. Bxc4 b5 11. Bd3 Bb7 12. e4 e5 13. d5 cxd5 14. Nxd5 Bxd5 15. exd5 b4 16. Nd2 Nd7 17. Bb5 Nc5 18. f3 Qf4 19. Qe2 e4 20. g3 exf3 21. Nxf3 Qe4 22. Qxe4 Nxe4 23. Rac1 Rab8 24. Bc6 g5 25. Nd4 Bc5 26. Rxc5 Nxc5 27. Rf6 Kg7 28. Rd6 Rfd8 29. Nf5+ Kf8 1/2-1/2

[Event "HUN-chT2 Erkel 1011"]
[Site "Hungary"]
[Date "2011.04.10"]
[Round "8.12"]
[White "Krstulovic, Alex"]
[Black "Vecsernyes, Norbert"]
[Result "0-1"]
[WhiteElo "1526"]
[BlackElo "1887"]
[PlyCount "60"]
[EventDate "2010.09.12"]
[EventType "team-tourn"]
[EventRounds "11"]
[EventCountry "HUN"]
[SourceTitle "EXT 2012"]
[Source "ChessBase"]
[SourceDate "2011.11.24"]
[SourceVersion "1"]
[SourceVersionDate "2011.11.24"]
[SourceQuality "1"]
[WhiteTeam "Budapest MTK"]
[BlackTeam "Dunaharaszti II"]
[WhiteTeamCountry "HUN"]
[BlackTeamCountry "HUN"]

1. d4 d5 2. c4 c6 3. Nf3 e6 4. Nc3 dxc4 5. a4 Bb4 6. e4 b5 7. axb5 Bxc3+ 8. bxc3 cxb5 9. Be2 Bb7 10. e5 Ne7 11. 0-0 Nd5 12. Qc2 a5 13. Rb1 Ba6 14. Nd2 0-0 15. Bf3 Nc6 16. Bxd5 exd5 17. Ba3 b4 18. Qa4 Qc7 19. cxb4 axb4 20. Bxb4 Nxb4 21. Qxb4 c3 22. Rfc1 Rfc8 23. Nb3 Bd3 24. Ra1 Rab8 25. Qc5 Qb7 26. Na5 Qb2 27. Qxd5 c2 28. Qa2 Qxa2 29. Rxa2 Rb1 30. Ra1 Rcb8 0-1

[Event "Budapest-chT1 Lilienthal 1011"]
[Site "Budapest"]
[Date "2011.02.06"]
[Round "8"]
[White "Vecsernyes, Norbert"]
[Black "Palkovics, Laszlo"]
[Result "0-1"]
[WhiteElo "1887"]
[BlackElo "1947"]
[PlyCount "42"]
[EventDate "2010.09.19"]
[EventType "team-tourn"]
[EventRounds "11"]
[EventCountry "HUN"]
[SourceTitle "EXT 2020"]
[Source "ChessBase"]
[SourceDate "2019.10.17"]
[SourceVersion "1"]
[SourceVersionDate "2019.10.17"]
[SourceQuality "1"]
[WhiteTeam "Csepel"]
[BlackTeam "Budapest HUSI II"]
[WhiteTeamCountry "HUN"]
[BlackTeamCountry "HUN"]

1. d4 Nf6 2. c4 d6 3. Nc3 g6 4. e4 Bg7 5. Nge2 Nbd7 6. Ng3 e5 7. d5 a5 8. Be2 Nc5 9. Bg5 Bd7 10. h4 h6 11. Be3 b6 12. h5 g5 13. f3 Nh7 14. Qc2 0-0 15. Nf5 Kh8 16. g4 Qe8 17. Nb5 Rc8 18. a3 Bxf5 19. exf5 e4 20. f4 gxf4 21. Bxf4 Nd3+ 0-1

[Event "Budapest-chT1 Lilienthal 1011"]
[Site "Budapest"]
[Date "2011.01.23"]
[Round "7"]
[White "Szucs, Gabor1111"]
[Black "Vecsernyes, Norbert"]
[Result "0-1"]
[WhiteElo "1819"]
[BlackElo "1887"]
[PlyCount "120"]
[EventDate "2010.09.19"]
[EventType "team-tourn"]
[EventRounds "11"]
[EventCountry "HUN"]
[SourceTitle "EXT 2020"]
[Source "ChessBase"]
[SourceDate "2019.10.17"]
[SourceVersion "1"]
[SourceVersionDate "2019.10.17"]
[SourceQuality "1"]
[WhiteTeam "Budapest Ujpest KSE"]
[BlackTeam "Csepel"]
[WhiteTeamCountry "HUN"]
[BlackTeamCountry "HUN"]

1. c4 c6 2. Nf3 d5 3. e3 Nf6 4. Nc3 Bf5 5. d4 e6 6. Bd3 Bxd3 7. Qxd3 Nbd7 8. 0-0 Be7 9. b3 0-0 10. Bb2 Qb6 11. c5 Qc7 12. Rae1 b6 13. cxb6 axb6 14. a4 Bb4 15. Re2 Rfb8 16. Na2 Bf8 17. Nc3 c5 18. dxc5 bxc5 19. Nb5 Qa5 20. Bc3 Qb6 21. Ne5 c4 22. bxc4 Nc5 23. Qd4 Nxa4 24. Qxb6 Rxb6 25. Bd4 Rb7 26. Ra2 Nb6 27. Rxa8 Nxa8 28. Nc3 Nc7 29. c5 Nfe8 30. c6 Rb3 31. Nd7 Bd6 32. g3 f6 33. Rb1 Rxb1+ 34. Nxb1 Nb5 35. Bb6 Bc7 36. Nd2 Bxb6 37. Nxb6 Na7 38. f4 Nxc6 39. Kf2 Nd6 40. Kf3 Kf7 41. h4 Na5 42. Na4 Nac4 43. Nb3 Ne4 44. Nac5 Ncd2+ 45. Nxd2 Nxc5 46. g4 Ke7 47. h5 h6 48. Kg3 e5 49. fxe5 fxe5 50. Nf3 Ne4+ 51. Kg2 Kf6 52. Kf1 Ng5 53. Nd2 d4 54. Ke2 Ke6 55. Nc4 Kd5 56. Nb6+ Ke4 57. exd4 exd4 58. Nd7 d3+ 59. Kd2 Nf3+ 60. Kd1 Kf4 0-1

[Event "Budapest FS11 FM-B"]
[Site "Budapest"]
[Date "2010.11.08"]
[Round "3"]
[White "Toth, Antal"]
[Black "Vecsernyes, Norbert"]
[Result "0-1"]
[WhiteElo "1670"]
[BlackElo "1894"]
[PlyCount "66"]
[EventDate "2010.11.06"]
[EventType "tourn"]
[EventRounds "10"]
[EventCountry "HUN"]
[SourceTitle "EXT 2011"]
[Source "ChessBase"]
[SourceDate "2010.11.26"]
[SourceVersion "1"]
[SourceVersionDate "2010.11.26"]
[SourceQuality "1"]

1. e4 e6 2. d4 d5 3. exd5 exd5 4. Bd3 c5 5. c3 Nc6 6. Be3 c4 7. Be2 b5 8. Nf3 Nf6 9. 0-0 a5 10. Bg5 Bd6 11. Re1 0-0 12. h3 h6 13. Be3 Re8 14. Nbd2 Ne4 15. Nxe4 dxe4 16. Nh2 f5 17. Qc1 Qh4 18. f4 g5 19. Rf1 g4 20. hxg4 fxg4 21. Re1 g3 22. Nf1 Ne7 23. Nd2 Qh2+ 24. Kf1 Qh1+ 25. Bg1 Bxf4 26. Bg4 Bxg4 27. Qc2 Nd5 28. Nxe4 Ne3+ 29. Rxe3 Bxe3 30. Nf6+ Kg7 31. Nxg4 Qxg1+ 32. Ke2 Bg5+ 33. Ne5 Qe3+ 0-1

[Event "HUN-chT U18"]
[Site "Miskolc"]
[Date "2010.11.03"]
[Round "2.5"]
[White "Vecsernyes, Norbert"]
[Black "Kiraly, Mate"]
[Result "1-0"]
[WhiteElo "1894"]
[BlackElo "1716"]
[PlyCount "109"]
[EventDate "2010.11.02"]
[EventType "team-swiss"]
[EventRounds "8"]
[EventCountry "HUN"]
[SourceTitle "EXT 2016"]
[Source "ChessBase"]
[SourceDate "2015.10.08"]
[SourceVersion "1"]
[SourceVersionDate "2015.10.08"]
[SourceQuality "1"]

1. c4 Nf6 2. Nc3 d6 3. e4 e5 4. b3 Nc6 5. Bb2 Be7 6. g3 0-0 7. Bg2 Bg4 8. f3 Bh5 9. Nge2 Nd7 10. 0-0 Bg6 11. Nd5 f5 12. exf5 Bxf5 13. d4 Nf6 14. Nxe7+ Qxe7 15. Re1 Nb4 16. dxe5 dxe5 17. Ba3 Qc5+ 18. Kh1 Rad8 19. Qc1 Qa5 20. Bxb4 Qxb4 21. Qg5 Bd3 22. Qxe5 Rfe8 23. Qc3 Qxc3 24. Nxc3 Bc2 25. f4 c6 26. Rac1 Rd2 27. Rxe8+ Nxe8 28. Re1 Kf7 29. Re2 Rxe2 30. Nxe2 Bb1 31. Nc3 Bf5 32. Be4 Bg4 33. Kg1 Nd6 34. Bd3 Nf5 35. Kf2 Ke6 36. Ne4 Ke7 37. Nc5 b6 38. Ne4 h6 39. c5 b5 40. Be2 Bxe2 41. Kxe2 Ke6 42. Kd3 Kd5 43. b4 Ke6 44. Nc3 Kf6 45. Ke4 Ke6 46. g4 Ne7 47. f5+ Kf6 48. h4 g5 49. h5 a6 50. a3 Ng8 51. Ne2 Ne7 52. Nd4 Kf7 53. Ke5 Ke8 54. Kd6 Nc8+ 55. Kxc6 1-0

[Event "Budapest-chT1 Lilienthal 1011"]
[Site "Budapest"]
[Date "2010.10.03"]
[Round "2"]
[White "Vecsernyes, Norbert"]
[Black "Hegedus, Peter1111"]
[Result "1-0"]
[WhiteElo "1887"]
[BlackElo "1858"]
[PlyCount "93"]
[EventDate "2010.09.19"]
[EventType "team-tourn"]
[EventRounds "11"]
[EventCountry "HUN"]
[SourceTitle "EXT 2020"]
[Source "ChessBase"]
[SourceDate "2019.10.17"]
[SourceVersion "1"]
[SourceVersionDate "2019.10.17"]
[SourceQuality "1"]
[WhiteTeam "Csepel"]
[BlackTeam "Taban Spartacus II"]
[WhiteTeamCountry "HUN"]
[BlackTeamCountry "HUN"]

1. c4 f5 2. d4 Nf6 3. Nc3 d6 4. Bg5 Nbd7 5. Qc2 g6 6. e4 fxe4 7. Nxe4 Bg7 8. f4 Nxe4 9. Qxe4 Nf6 10. Bxf6 Bxf6 11. h4 c6 12. h5 Qa5+ 13. Kf2 Qd2+ 14. Ne2 Bf5 15. Qe3 Qxb2 16. Rc1 0-0-0 17. Kf3 gxh5 18. Rxh5 Bd7 19. g4 h6 20. Nc3 Qb6 21. c5 dxc5 22. Rxc5 Qb4 23. Rc4 Qa5 24. Ra4 Qb6 25. Rb1 Bxd4 26. Qxe7 Qc7 27. Qa3 Bb6 28. Rc1 Bxg4+ 29. Kxg4 Qg7+ 30. Kf3 Rhg8 31. Bh3+ Kb8 32. Ne4 Rd4 33. Rxd4 Qxd4 34. Qd6+ Qxd6 35. Nxd6 Rf8 36. Re1 Bc7 37. Re8+ Rxe8 38. Nxe8 Bd8 39. Ke4 b5 40. f5 a5 41. f6 b4 42. Kd4 Kb7 43. Kc5 Bb6+ 44. Kd6 Bd4 45. f7 Kb6 46. Kd7 Bc5 47. Nd6 1-0

[Event "HUN-chT2 Erkel 0910"]
[Site "Hungary"]
[Date "2009.11.22"]
[Round "2.12"]
[White "Urhegyi, Marton"]
[Black "Vecsernyes, Norbert"]
[Result "0-1"]
[WhiteElo "1829"]
[BlackElo "1840"]
[PlyCount "60"]
[EventDate "2009.11.08"]
[EventType "team-tourn"]
[EventRounds "11"]
[EventCountry "HUN"]
[SourceTitle "EXT 2011"]
[Source "ChessBase"]
[SourceDate "2010.11.26"]
[SourceVersion "1"]
[SourceVersionDate "2010.11.26"]
[SourceQuality "1"]
[WhiteTeam "Budapest MTK"]
[BlackTeam "Dunaharaszti"]
[WhiteTeamCountry "HUN"]
[BlackTeamCountry "HUN"]

1. e4 e6 2. d4 d5 3. Nd2 dxe4 4. Nxe4 Nf6 5. Bd3 Be7 6. Nf3 Nbd7 7. 0-0 0-0 8. Re1 b6 9. Ne5 Bb7 10. Nxd7 Qxd7 11. Nxf6+ Bxf6 12. Re3 g6 13. Rh3 Qd5 14. Qg4 Qxd4 15. Qg3 c5 16. c3 Qd5 17. Be2 Rfd8 18. Bf4 Qf5 19. Bg4 Qc2 20. Be5 Qxb2 21. Re1 Bxe5 22. Qxe5 Qxa2 23. Qc7 Qd5 24. Rf3 Rd7 25. Qg3 a5 26. Rf6 Re8 27. Qh3 h5 28. Bf3 Qd2 29. Rb1 Qc2 30. Re1 Qxc3 0-1

[Event "HUN-chT U18"]
[Site "Miskolc"]
[Date "2009.10.29"]
[Round "6.10"]
[White "Vecsernyes, Norbert"]
[Black "Runda, Mate Bence"]
[Result "1-0"]
[WhiteElo "1840"]
[BlackElo "1830"]
[PlyCount "79"]
[EventDate "2009.10.26"]
[EventType "team-swiss"]
[EventRounds "8"]
[EventCountry "HUN"]
[SourceTitle "EXT 2016"]
[Source "ChessBase"]
[SourceDate "2015.10.08"]
[SourceVersion "1"]
[SourceVersionDate "2015.10.08"]
[SourceQuality "1"]

1. Nf3 d5 2. c4 e6 3. g3 Nf6 4. Bg2 b6 5. 0-0 Bb7 6. b3 Nbd7 7. Bb2 Be7 8. Qc2 c5 9. cxd5 Bxd5 10. d3 0-0 11. Nbd2 Rc8 12. Rac1 Bb7 13. e4 Nb8 14. Ne5 Nc6 15. Nxc6 Bxc6 16. Nc4 Ne8 17. Ne5 Bb7 18. Qe2 f6 19. Nc4 Nd6 20. Bh3 f5 21. exf5 Nxc4 22. Qxe6+ Kh8 23. dxc4 Bf6 24. Bxf6 Rxf6 25. Qe5 Qd3 26. Qe3 Qd7 27. Rcd1 Qc6 28. f3 Re8 29. Qf2 Rh6 30. Bg2 Qf6 31. g4 Rh4 32. Rfe1 Rxe1+ 33. Rxe1 h5 34. Qg3 Qd4+ 35. Kh1 Qd8 36. g5 Rd4 37. g6 h4 38. Qg5 Kg8 39. Qh5 Rd1 40. Qh7+ 1-0

[Event "HUN-chT U18"]
[Site "Miskolc"]
[Date "2009.10.28"]
[Round "5.15"]
[White "Vecsernyes, Norbert"]
[Black "Somody, Robert"]
[Result "0-1"]
[WhiteElo "1840"]
[BlackElo "1872"]
[PlyCount "120"]
[EventDate "2009.10.26"]
[EventType "team-swiss"]
[EventRounds "8"]
[EventCountry "HUN"]
[SourceTitle "EXT 2016"]
[Source "ChessBase"]
[SourceDate "2015.10.08"]
[SourceVersion "1"]
[SourceVersionDate "2015.10.08"]
[SourceQuality "1"]

1. Nf3 c6 2. c4 d5 3. d4 Nf6 4. Nc3 dxc4 5. a4 Bf5 6. e3 e6 7. Bxc4 Bb4 8. 0-0 Nbd7 9. Qe2 0-0 10. e4 Bg4 11. h3 Bh5 12. Rd1 Qa5 13. e5 Nd5 14. Nxd5 cxd5 15. Bd3 Bg6 16. Bxg6 hxg6 17. Bd2 Bxd2 18. Qxd2 Qxd2 19. Nxd2 Rac8 20. Rdc1 Nb8 21. Nf3 Na6 22. Kf1 Nb4 23. Rc3 Rxc3 24. bxc3 Nc6 25. Rb1 b6 26. Ke2 Rc8 27. Kd3 Na5 28. Nd2 Kf8 29. Rb4 Nc6 30. Rb5 Na5 31. Rb4 Ke7 32. Nb3 Nxb3 33. Rxb3 Kd7 34. a5 bxa5 35. Ra3 Kc6 36. Rxa5 Kb6 37. Ra2 a5 38. Rb2+ Ka6 39. f3 Rc7 40. Kc2 a4 41. Ra2 Ka5 42. Kd2 Rb7 43. Kd3 Rb3 44. Kc2 g5 45. Ra1 Rb6 46. Ra2 Kb5 47. Rb2+ Kc6 48. Ra2 Ra6 49. Ra3 Kb5 50. Kd3 Ra7 51. Kd2 Kc4 52. Kc2 f6 53. exf6 gxf6 54. f4 gxf4 55. h4 e5 56. dxe5 fxe5 57. h5 e4 58. h6 Rh7 59. Rxa4+ Kb5 60. Ra8 Rxh6 0-1

[Event "HUN-chT U18"]
[Site "Miskolc"]
[Date "2009.10.27"]
[Round "3.12"]
[White "Vecsernyes, Norbert"]
[Black "Ruboczki, Tibor"]
[Result "1-0"]
[WhiteElo "1840"]
[BlackElo "1712"]
[PlyCount "89"]
[EventDate "2009.10.26"]
[EventType "team-swiss"]
[EventRounds "8"]
[EventCountry "HUN"]
[SourceTitle "EXT 2016"]
[Source "ChessBase"]
[SourceDate "2015.10.08"]
[SourceVersion "1"]
[SourceVersionDate "2015.10.08"]
[SourceQuality "1"]

1. d4 d5 2. c4 c6 3. Nf3 Nf6 4. Nc3 e6 5. Bg5 Nbd7 6. e3 Qa5 7. cxd5 Nxd5 8. Rc1 Bb4 9. Qb3 N7f6 10. Bd3 0-0 11. 0-0 h6 12. Bh4 Nxc3 13. bxc3 Be7 14. Ne5 Qc7 15. Bb1 Bd8 16. Qc2 g6 17. f4 Nd5 18. Bxd8 Rxd8 19. Rf3 Ne7 20. Rh3 Kg7 21. Qf2 Rh8 22. Qh4 Nf5 23. Qg4 Bd7 24. e4 Ne7 25. Rf1 f5 26. Qh4 Be8 27. g4 fxe4 28. Bxe4 Bf7 29. Qg3 Nd5 30. Bb1 Rag8 31. c4 Nf6 32. Bxg6 Bxg6 33. Nxg6 Ne4 34. Qe3 Kxg6 35. Qxe4+ Kf7 36. f5 e5 37. dxe5 Rxg4+ 38. Qxg4 Rg8 39. e6+ Kf8 40. Qxg8+ Kxg8 41. f6 Qe5 42. Rg3+ Kh8 43. f7 Qd4+ 44. Kh1 Qe4+ 45. Rg2 1-0

[Event "HUN-chT2 Breyer 0809"]
[Site "Hungary"]
[Date "2009.02.22"]
[Round "8"]
[White "Vecsernyes, Norbert"]
[Black "Vereszki, Bence"]
[Result "1-0"]
[WhiteElo "1748"]
[BlackElo "1611"]
[PlyCount "65"]
[EventDate "2008.10.26"]
[EventType "team-tourn"]
[EventRounds "11"]
[EventCountry "HUN"]
[SourceTitle "EXT 2010"]
[Source "ChessBase"]
[SourceDate "2010.11.25"]
[SourceVersion "1"]
[SourceVersionDate "2010.11.25"]
[SourceQuality "1"]
[WhiteTeam "Dunaharaszti II"]
[BlackTeam "Turul"]
[WhiteTeamCountry "HUN"]
[BlackTeamCountry "HUN"]

1. d4 d5 2. c4 Nf6 3. cxd5 Nxd5 4. Nc3 g6 5. e4 Nxc3 6. bxc3 Bg7 7. Bc4 c5 8. Ne2 cxd4 9. cxd4 0-0 10. 0-0 Nc6 11. Be3 b6 12. Qd2 Bb7 13. Rfc1 Rc8 14. f3 Qd7 15. Rab1 Rfd8 16. Bb5 Qd6 17. Rd1 e5 18. d5 Na5 19. Rdc1 f5 20. Qd3 f4 21. Bd2 g5 22. Rxc8 Bxc8 23. Bb4 Qg6 24. Rc1 g4 25. Kh1 gxf3 26. gxf3 Bh3 27. Rg1 Qh5 28. Be7 Rc8 29. Bf6 Rc7 30. d6 Rf7 31. Be8 Qh6 32. Bxf7+ Kxf7 33. Bxg7 1-0

[Event "HUN-chT U18"]
[Site "Miskolc"]
[Date "2008.10.29"]
[Round "5.16"]
[White "Filep, Ferenc"]
[Black "Vecsernyes, Norbert"]
[Result "1-0"]
[WhiteElo "2056"]
[BlackElo "1731"]
[PlyCount "71"]
[EventDate "2008.10.27"]
[EventType "team-swiss"]
[EventRounds "8"]
[EventCountry "HUN"]
[SourceTitle "EXT 2016"]
[Source "ChessBase"]
[SourceDate "2015.10.08"]
[SourceVersion "1"]
[SourceVersionDate "2015.10.08"]
[SourceQuality "1"]

1. e4 e6 2. d4 d5 3. Nd2 c5 4. exd5 exd5 5. Bb5+ Bd7 6. Qe2+ Be7 7. dxc5 Nf6 8. Ngf3 0-0 9. 0-0 Re8 10. Bxd7 Nbxd7 11. Nb3 Bxc5 12. Qd3 Qb6 13. c3 Bd6 14. Bg5 a5 15. Be3 Qc7 16. h3 Qc4 17. Rad1 Ne5 18. Nxe5 Bxe5 19. Qc2 Qe4 20. Qxe4 dxe4 21. Bg5 a4 22. Bxf6 Bxf6 23. Nc5 a3 24. b3 Bxc3 25. Nxb7 f5 26. Nd6 Re5 27. Nc4 Re6 28. g3 g5 29. Rd5 Rf8 30. Nxa3 h6 31. Nb5 Be5 32. Re1 Bb8 33. Nd4 Rd6 34. Nxf5 Rdf6 35. g4 h5 36. Rxe4 1-0

[Event "HUN-chT U18"]
[Site "Miskolc"]
[Date "2008.10.28"]
[Round "2.23"]
[White "Vecsernyes, Norbert"]
[Black "Egyed, Gabor"]
[Result "0-1"]
[WhiteElo "1731"]
[BlackElo "1885"]
[PlyCount "62"]
[EventDate "2008.10.27"]
[EventType "team-swiss"]
[EventRounds "8"]
[EventCountry "HUN"]
[SourceTitle "EXT 2016"]
[Source "ChessBase"]
[SourceDate "2015.10.08"]
[SourceVersion "1"]
[SourceVersionDate "2015.10.08"]
[SourceQuality "1"]

1. d4 g6 2. c4 Bg7 3. Nc3 c5 4. d5 Bxc3+ 5. bxc3 Qa5 6. Qb3 f5 7. g3 Nf6 8. Bf4 d6 9. Bg2 Nbd7 10. e3 Nb6 11. Bg5 Bd7 12. Bxf6 exf6 13. Bf1 0-0-0 14. Rb1 Rde8 15. Bd3 h5 16. h4 Re7 17. Ne2 Qa6 18. Nf4 Rg8 19. a3 Ba4 20. Qa2 Be8 21. Kd2 Nd7 22. Rhc1 Ne5 23. Be2 Ng4 24. Bxg4 fxg4 25. Rb2 g5 26. hxg5 fxg5 27. Ng2 Re4 28. Rcb1 Rg7 29. Qb3 Rxc4 30. Ra2 Rf7 31. Rf1 Rxc3 0-1

[Event "HUN-chT U18"]
[Site "Miskolc"]
[Date "2008.10.27"]
[Round "1.9"]
[White "Varga, Csaba Zoltan"]
[Black "Vecsernyes, Norbert"]
[Result "1-0"]
[WhiteElo "2391"]
[BlackElo "1731"]
[PlyCount "81"]
[EventDate "2008.10.27"]
[EventType "team-swiss"]
[EventRounds "8"]
[EventCountry "HUN"]
[SourceTitle "EXT 2016"]
[Source "ChessBase"]
[SourceDate "2015.10.08"]
[SourceVersion "1"]
[SourceVersionDate "2015.10.08"]
[SourceQuality "1"]

1. d4 d5 2. c4 c6 3. cxd5 cxd5 4. Bf4 Nc6 5. Nc3 Nf6 6. e3 Bf5 7. Qb3 Qd7 8. Bb5 a6 9. Bxc6 bxc6 10. Nf3 Nh5 11. Ne5 Qc8 12. 0-0 Nxf4 13. exf4 Rb8 14. Qa4 Bd7 15. Rac1 f6 16. Nxd7 Qxd7 17. Rc2 e6 18. Re1 Kf7 19. Qxa6 Bd6 20. g3 Rhe8 21. Ne2 Rec8 22. Qd3 Kg8 23. Nc1 f5 24. Qe3 Re8 25. Nd3 Qc7 26. Rec1 Rb6 27. Qe1 Kf7 28. b4 Qb7 29. a3 Ra8 30. Rc3 Rba6 31. Ne5+ Bxe5 32. Qxe5 Re8 33. b5 Ra7 34. bxc6 Qc7 35. Qe2 g6 36. Rb1 Rb8 37. Rxb8 Qxb8 38. Kg2 Qb6 39. Qe5 Qc7 40. Qh8 h5 41. Rb3 1-0